[Event "Oberbayern Bezirksliga 1617"]
[Site "Germany"]
[Date "2017.04.30"]
[Round "9.4"]
[White "Kislinger, Georg"]
[Black "Muharemagic, Asim"]
[Result "1-0"]
[WhiteElo "2012"]
[BlackElo "1954"]
[PlyCount "105"]
[EventDate "2016.10.16"]
[EventType "team-tourn"]
[EventRounds "9"]
[EventCountry "GER"]
[SourceTitle "EXT 2019"]
[Source "ChessBase"]
[SourceDate "2018.10.10"]
[SourceVersion "1"]
[SourceVersionDate "2018.10.10"]
[SourceQuality "1"]
[WhiteTeam "Ebersberg Grafing"]
[BlackTeam "Ingolstadt"]
[WhiteTeamCountry "GER"]
[BlackTeamCountry "GER"]

1. d4 Nf6 2. Nf3 c5 3. g3 cxd4 4. Nxd4 g6 5. Bg2 Bg7 6. 0-0 0-0 7. e4 Nc6 8. c3 d6 9. h3 Bd7 10. Be3 Rc8 11. Nd2 Na5 12. f4 Nc4 13. Nxc4 Rxc4 14. Qb3 Qc8 15. Kh2 Ba4 16. Qa3 e5 17. fxe5 dxe5 18. Nb3 Nxe4 19. Na5 f5 20. Nxc4 Qxc4 21. Rfe1 f4 22. gxf4 exf4 23. b3 Qc7 24. Qxa4 f3+ 25. Kg1 Qg3 26. Qc4+ Kh8 27. Qf1 f2+ 28. Bxf2 Rxf2 29. Rxe4 Rxf1+ 30. Rxf1 Bxc3 31. Rf3 Qc7 32. Rc4 Qb6+ 33. Kh1 Be5 34. Re4 Qd6 35. Rf1 Bg3 36. Rc4 h5 37. Bxb7 Qd2 38. Bg2 Qxa2 39. Ra4 Qxb3 40. Rxa7 Kg8 41. Rd7 Qa3 42. Bd5+ Kh8 43. Rff7 Qc1+ 44. Kg2 Qd2+ 45. Kxg3 h4+ 46. Kxh4 Qd4+ 47. Kg3 Qe3+ 48. Bf3 Qg1+ 49. Bg2 Qe3+ 50. Kh2 Qe5+ 51. Kh1 Qe1+ 52. Rf1 Qb4 53. Ra1 1-0

[Event "Regionalliga SO 1415"]
[Site "Bayern"]
[Date "2015.04.12"]
[Round "9.8"]
[White "Leckner, Thomas"]
[Black "Kislinger, Georg"]
[Result "0-1"]
[WhiteElo "1683"]
[BlackElo "2024"]
[PlyCount "96"]
[EventDate "2014.10.19"]
[EventType "team-tourn"]
[EventRounds "9"]
[EventCountry "GER"]
[SourceTitle "EXT 2018"]
[Source "ChessBase"]
[SourceDate "2017.10.13"]
[SourceVersion "1"]
[SourceVersionDate "2017.10.13"]
[SourceQuality "1"]
[WhiteTeam "Tegernsee"]
[BlackTeam "Ebersberg Grafing"]
[WhiteTeamCountry "GER"]
[BlackTeamCountry "GER"]

1. d4 Nf6 2. Nc3 d5 3. Bg5 e6 4. e4 dxe4 5. Nxe4 Be7 6. Nxf6+ Bxf6 7. Bxf6 Qxf6 8. Nf3 Nd7 9. c3 0-0 10. Bd3 c6 11. 0-0 b6 12. Re1 Bb7 13. Qe2 Rac8 14. Qe4 g6 15. Ne5 Nxe5 16. dxe5 Qe7 17. Qe3 Rfd8 18. Bc2 c5 19. Qh6 Rc7 20. Re3 Rcd7 21. Rh3 f5 22. exf6 Qxf6 23. Rf1 c4 24. Rg3 Rf7 25. Qc1 Kg7 26. Re3 Rfd7 27. Be4 Bd5 28. Bxd5 Rxd5 29. Ree1 Rd2 30. Rd1 Qxf2+ 31. Rxf2 Rxd1+ 32. Rf1 Rxc1 33. Rxc1 Rd2 34. Rb1 Kf6 35. Rf1+ Ke7 36. Rb1 Kd6 37. Kf1 Kd5 38. Kg1 e5 39. Kf1 e4 40. Kg1 e3 41. Kf1 Ke4 42. a3 Kd3 43. a4 Kc2 44. Re1 Rd1 45. Ke2 Rxe1+ 46. Kxe1 Kxb2 47. Ke2 Kxc3 48. Kxe3 Kb2 0-1

[Event "Regionalliga SO 1314"]
[Site "Bayern"]
[Date "2014.04.06"]
[Round "9.7"]
[White "Kislinger, Georg"]
[Black "Soergel, Thomas"]
[Result "1/2-1/2"]
[WhiteElo "2059"]
[BlackElo "2033"]
[PlyCount "69"]
[EventDate "2013.10.13"]
[EventType "team-tourn"]
[EventRounds "9"]
[EventCountry "GER"]
[SourceTitle "EXT 2015"]
[Source "ChessBase"]
[SourceDate "2014.11.20"]
[SourceVersion "1"]
[SourceVersionDate "2014.11.20"]
[SourceQuality "1"]
[WhiteTeam "Ebersberg Grafing"]
[BlackTeam "Graefelfing"]
[WhiteTeamCountry "GER"]
[BlackTeamCountry "GER"]

1. d4 d5 2. c4 e6 3. Nf3 Nf6 4. g3 c6 5. Bg2 Be7 6. 0-0 0-0 7. Qc2 b6 8. b3 Bb7 9. Nc3 Na6 10. Rd1 Qc8 11. e4 dxe4 12. Nxe4 Nxe4 13. Qxe4 c5 14. Qe2 cxd4 15. Bb2 Bf6 16. Bxd4 Bxd4 17. Rxd4 Rd8 18. Rad1 Qc7 19. Qd2 Rxd4 20. Qxd4 f6 21. Nh4 Bxg2 22. Nxg2 Re8 23. Nf4 e5 24. Qd5+ Qf7 25. Ne2 Qxd5 26. Rxd5 Kf7 27. Nc3 Nc7 28. Rd7+ Re7 29. Rd6 Re6 30. Rd8 Re8 31. Rd2 Ke7 32. Nd5+ Nxd5 33. Rxd5 Rc8 34. Kg2 Rc5 35. Rd2 1/2-1/2

[Event "Regionalliga SO 1314"]
[Site "Bayern"]
[Date "2013.10.13"]
[Round "1.6"]
[White "Leckner, Thomas"]
[Black "Kislinger, Georg"]
[Result "0-1"]
[WhiteElo "1717"]
[BlackElo "2059"]
[PlyCount "44"]
[EventDate "2013.10.13"]
[EventType "team-tourn"]
[EventRounds "9"]
[EventCountry "GER"]
[SourceTitle "EXT 2015"]
[Source "ChessBase"]
[SourceDate "2014.11.20"]
[SourceVersion "1"]
[SourceVersionDate "2014.11.20"]
[SourceQuality "1"]
[WhiteTeam "Tegernsee"]
[BlackTeam "Ebersberg Grafing"]
[WhiteTeamCountry "GER"]
[BlackTeamCountry "GER"]

1. d4 Nf6 2. Nc3 d5 3. Bg5 e6 4. e4 dxe4 5. Nxe4 Be7 6. Bxf6 gxf6 7. Nf3 b6 8. Bb5+ c6 9. Ba4 Bb7 10. c3 Nd7 11. Qe2 Qc7 12. 0-0-0 0-0-0 13. h3 Kb8 14. Kb1 Rhg8 15. Rhg1 Qf4 16. g3 Qc7 17. h4 c5 18. Bc2 h6 19. Rd2 f5 20. dxc5 bxc5 21. Qb5 fxe4 22. Bxe4 Nb6 0-1

[Event "Regionalliga SO 1112"]
[Site "Bayern"]
[Date "2012.02.26"]
[Round "7.8"]
[White "Hoechtl, Alois"]
[Black "Kislinger, Georg"]
[Result "1-0"]
[WhiteElo "1754"]
[BlackElo "2059"]
[PlyCount "99"]
[EventDate "2011.10.02"]
[EventType "team-tourn"]
[EventRounds "9"]
[EventCountry "GER"]
[SourceTitle "EXT 2015"]
[Source "ChessBase"]
[SourceDate "2014.11.20"]
[SourceVersion "1"]
[SourceVersionDate "2014.11.20"]
[SourceQuality "1"]
[WhiteTeam "Rottal II"]
[BlackTeam "Ebersberg Grafing"]
[WhiteTeamCountry "GER"]
[BlackTeamCountry "GER"]

1. f4 Nf6 2. Nf3 d5 3. e3 g6 4. Be2 Bg7 5. 0-0 c5 6. d3 b6 7. Nbd2 Bb7 8. c4 0-0 9. Rb1 Qc7 10. Ne5 Nc6 11. Nxc6 Bxc6 12. b3 Rfd8 13. Qc2 Rd7 14. Nf3 dxc4 15. bxc4 Bb7 16. Ne5 Rd6 17. Bb2 Nd7 18. d4 f5 19. Rbd1 Be4 20. Qb3 Nxe5 21. fxe5 Rdd8 22. Bf3 Bxf3 23. Rxf3 Rac8 24. Rc1 e6 25. h3 Qc6 26. Rc2 Rc7 27. Rf1 Bh6 28. Rd1 Qe4 29. Kf2 f4 30. exf4 cxd4 31. Re2 Qxf4+ 32. Kg1 Bg7 33. Rf1 Qg5 34. Bc1 Qe7 35. Qd3 Qc5 36. Rc2 Qxe5 37. Bf4 Qc5 38. Bxc7 Qxc7 39. Qe4 Qd6 40. Qd3 Bh6 41. Rf3 e5 42. Rb2 Be3+ 43. Kf1 Qc6 44. Rxe3 Qf6+ 45. Rf3 Qh4 46. Re2 Re8 47. Qe4 Qe7 48. Qd5+ Kg7 49. Ref2 Qb4 50. Kg1 1-0

[Event "Regionalliga SO 1112"]
[Site "Bayern"]
[Date "2012.01.15"]
[Round "5.8"]
[White "Mertz, Waldemar"]
[Black "Kislinger, Georg"]
[Result "0-1"]
[WhiteElo "1875"]
[BlackElo "2059"]
[PlyCount "132"]
[EventDate "2011.10.02"]
[EventType "team-tourn"]
[EventRounds "9"]
[EventCountry "GER"]
[SourceTitle "EXT 2013"]
[Source "ChessBase"]
[SourceDate "2012.11.22"]
[SourceVersion "1"]
[SourceVersionDate "2012.11.22"]
[SourceQuality "1"]
[WhiteTeam "Waldkraiburg"]
[BlackTeam "Ebersberg Grafing"]
[WhiteTeamCountry "GER"]
[BlackTeamCountry "GER"]

1. d4 Nf6 2. c4 e6 3. g3 c5 4. d5 exd5 5. cxd5 d6 6. Bg2 g6 7. Nc3 Bg7 8. Nh3 0-0 9. 0-0 Re8 10. Nf4 a6 11. a4 Nbd7 12. Re1 Rb8 13. Qc2 b5 14. axb5 axb5 15. Bd2 Qb6 16. e4 Ne5 17. h3 Nfd7 18. Kh2 Ba6 19. Rab1 b4 20. Nd1 b3 21. Qc1 g5 22. Bc3 gxf4 23. Qxf4 Nd3 24. Qg4 N7e5 25. Bxe5 Nxe5 26. Qh5 Nd3 27. Re3 Re5 28. Qg4 h5 29. Qh4 Qd8 30. Qxd8+ Rxd8 31. Ra1 Bc4 32. Ra4 Nb4 33. Rc3 Be2 34. Ne3 Ree8 35. Rxb3 Ra8 36. Rxa8 Rxa8 37. Nf5 Rd8 38. Nxg7 Kxg7 39. Re3 Bc4 40. b3 Bb5 41. Bf3 Kg6 42. e5 Re8 43. e6 fxe6 44. dxe6 Bc6 45. Bd1 Nd5 46. Bc2+ Kf6 47. Rf3+ Kxe6 48. Bg6 Rh8 49. g4 hxg4 50. Bf5+ Ke7 51. Bxg4 Bd7 52. Kg3 Bxg4 53. hxg4 Rg8 54. Rd3 Nf6 55. f3 d5 56. Kf4 d4 57. b4 Nd5+ 58. Ke5 Rg5+ 59. Ke4 Nxb4 60. Ra3 Nc6 61. Kf4 Rd5 62. Ke4 Kd6 63. f4 c4 64. g5 d3 65. Ra1 d2 66. g6 d1Q 0-1

[Event "Regionalliga SO 0607"]
[Site "Bayern"]
[Date "2007.02.04"]
[Round "5.2"]
[White "Kislinger, Georg"]
[Black "Schmidt, Wolfgang"]
[Result "1/2-1/2"]
[WhiteElo "2099"]
[BlackElo "2284"]
[PlyCount "32"]
[EventDate "2006.10.15"]
[EventType "team-tourn"]
[EventRounds "9"]
[EventCountry "GER"]
[SourceTitle "EXT 2008"]
[Source "ChessBase"]
[SourceDate "2007.11.25"]
[SourceVersion "1"]
[SourceVersionDate "2007.11.25"]
[SourceQuality "1"]
[WhiteTeam "Ebersberg"]
[BlackTeam "Landshut"]
[WhiteTeamCountry "GER"]
[BlackTeamCountry "GER"]

1. d4 Nf6 2. c4 c5 3. d5 b5 4. cxb5 a6 5. e3 e6 6. Nc3 exd5 7. Nxd5 Bb7 8. Nxf6+ Qxf6 9. Nf3 Be7 10. Be2 axb5 11. Bxb5 0-0 12. 0-0 d5 13. Qb3 Na6 14. Rd1 Rfb8 15. a4 Nc7 16. Bd2 Bc6 1/2-1/2

[Event "Regionalliga SO 0607"]
[Site "Bayern"]
[Date "2006.11.19"]
[Round "3.2"]
[White "Kislinger, Georg"]
[Black "Eizenhammer, Peter"]
[Result "1-0"]
[WhiteElo "2099"]
[BlackElo "2097"]
[PlyCount "111"]
[EventDate "2006.10.15"]
[EventType "team-tourn"]
[EventRounds "9"]
[EventCountry "GER"]
[SourceTitle "EXT 2008"]
[Source "ChessBase"]
[SourceDate "2007.11.25"]
[SourceVersion "1"]
[SourceVersionDate "2007.11.25"]
[SourceQuality "1"]
[WhiteTeam "Ebersberg"]
[BlackTeam "Passau II"]
[WhiteTeamCountry "GER"]
[BlackTeamCountry "GER"]

1. d4 d6 2. Nf3 Nf6 3. c4 g6 4. Nc3 Bg7 5. e4 0-0 6. Be2 a5 7. Bg5 Na6 8. Qd2 Qe8 9. 0-0 e5 10. dxe5 dxe5 11. Rfd1 Nc5 12. Qc2 c6 13. Rd6 Qe7 14. Rad1 Ne6 15. Be3 Ng4 16. Bb6 Nd4 17. Nxd4 exd4 18. R6xd4 Bxd4 19. Bxd4 Rd8 20. f3 Nf6 21. Na4 Be6 22. Qc3 Nd7 23. c5 f6 24. Nb6 Nxb6 25. cxb6 Kf7 26. a3 a4 27. Bc5 Qe8 28. Rd4 Rd7 29. Qe3 Rxd4 30. Bxd4 Rd8 31. Bc3 Bb3 32. Qh6 Kg8 33. Bxf6 Rd7 34. Bc3 Qd8 35. Qe3 Qe7 36. g3 Qe6 37. Kg2 Bc4 38. Bxc4 Qxc4 39. Qf4 Qe6 40. g4 c5 41. Qb8+ Kf7 42. Qh8 Qxb6 43. Qxh7+ Ke8 44. Qg8+ Ke7 45. Qg7+ Ke8 46. Qg8+ Ke7 47. h4 Rd3 48. Qg7+ Ke8 49. Bf6 Rd2+ 50. Kh3 Qd6 51. Qxg6+ Kd7 52. Qf5+ Qe6 53. h5 Qxf5 54. exf5 Rd6 55. Bc3 Rd3 56. h6 1-0

[Event "Regionalliga SO 9899"]
[Site "Bayern"]
[Date "1999.??.??"]
[Round "5.6"]
[White "Kislinger, Georg"]
[Black "Benischek, Wolfgang"]
[Result "1/2-1/2"]
[WhiteElo "2065"]
[BlackElo "2020"]
[PlyCount "128"]
[EventDate "1998.??.??"]
[EventType "team-tourn"]
[EventRounds "9"]
[EventCountry "GER"]
[SourceTitle "EXT 2020"]
[Source "ChessBase"]
[SourceDate "2019.10.17"]
[SourceVersion "1"]
[SourceVersionDate "2019.10.17"]
[SourceQuality "1"]
[WhiteTeam "Ebersberg Grafing"]
[BlackTeam "Freising SK"]
[WhiteTeamCountry "GER"]
[BlackTeamCountry "GER"]

1. Nf3 Nf6 2. c4 c5 3. g3 Nc6 4. d4 cxd4 5. Nxd4 Qb6 6. Nb3 Qb4+ 7. N1d2 d6 8. Bg2 a5 9. 0-0 a4 10. Bxc6+ bxc6 11. Nd4 Qb7 12. Qc2 c5 13. N4f3 h5 14. Re1 h4 15. Nxh4 g5 16. Nhf3 Bh3 17. e4 Ng4 18. Nf1 Bg7 19. Bxg5 Qxb2 20. Qxb2 Bxb2 21. Rab1 a3 22. Bc1 Bc3 23. Bd2 Bb2 24. Ne3 Nxe3 25. Rxe3 f6 26. Bc3 Be6 27. Nd2 Kf7 28. Bxb2 axb2 29. Rxb2 Ra4 30. Rc3 Rha8 31. Rcc2 Bh3 32. f3 Ra3 33. g4 Kg6 34. Kf2 Kg5 35. Kg3 Bxg4 36. Rb3 Bh5 37. f4+ Kg6 38. Rxa3 Rxa3+ 39. Nb3 Bd1 40. Rb2 f5 41. exf5+ Kxf5 42. h4 Ra8 43. Rd2 Bh5 44. Rd5+ Kg6 45. Nc1 Ra3+ 46. Rd3 Ra4 47. Rc3 Kf5 48. a3 Bf7 49. Nd3 Bxc4 50. Nb2 Ra8 51. Nxc4 Ke4 52. Re3+ Kd4 53. Rxe7 Kxc4 54. f5 Rxa3+ 55. Kf4 Rh3 56. Kg4 Rh1 57. f6 d5 58. Re5 Rg1+ 59. Kf5 d4 60. Ke6 d3 61. f7 Rf1 62. Rf5 Rxf5 63. Kxf5 d2 64. f8Q d1Q 1/2-1/2

[Event "Regionalliga SO 9899"]
[Site "Bayern"]
[Date "1999.??.??"]
[Round "9.5"]
[White "Kislinger, Georg"]
[Black "Grimm, Stefan"]
[Result "1-0"]
[WhiteElo "2065"]
[BlackElo "1915"]
[PlyCount "175"]
[EventDate "1998.??.??"]
[EventType "team-tourn"]
[EventRounds "9"]
[EventCountry "GER"]
[SourceTitle "EXT 2020"]
[Source "ChessBase"]
[SourceDate "2019.10.17"]
[SourceVersion "1"]
[SourceVersionDate "2019.10.17"]
[SourceQuality "1"]
[WhiteTeam "Ebersberg Grafing"]
[BlackTeam "Straubing PSV"]
[WhiteTeamCountry "GER"]
[BlackTeamCountry "GER"]

1. Nf3 f5 2. d4 g6 3. c4 Nf6 4. Nc3 Bg7 5. Bf4 d6 6. e3 0-0 7. Be2 h6 8. h4 Nbd7 9. d5 c6 10. Nd4 Nc5 11. Qc2 cxd5 12. cxd5 Bd7 13. g4 Qa5 14. gxf5 Nxd5 15. Bc4 Bxf5 16. Bxd5+ e6 17. Nxf5 Rxf5 18. Bb3 d5 19. 0-0 Rc8 20. Na4 Qd8 21. Nxc5 Qxh4 22. Rfc1 b6 23. Bg3 Qh3 24. Qe2 bxc5 25. Qa6 Re8 26. Qf1 Qxf1+ 27. Rxf1 Bxb2 28. Rab1 Ba3 29. Ba4 Re7 30. Rb3 Bb4 31. Rc1 a5 32. Bd6 Ref7 33. Rc2 c4 34. Rxb4 axb4 35. Bxb4 Rb7 36. a3 g5 37. Bc6 Rb6 38. Bd7 Kf7 39. e4 Rf4 40. exd5 exd5 41. Bc5 Rbf6 42. a4 d4 43. Rxc4 d3 44. Rxf4 gxf4 45. Kf1 f3 46. Ke1 h5 47. Kd2 h4 48. a5 Rh6 49. Bh3 Rc6 50. Bd4 Rc2+ 51. Kxd3 Ra2 52. Bb6 Ke7 53. Ke4 Kd6 54. Kxf3 Ra3+ 55. Kg2 Kc6 56. Bg4 Kb7 57. Bf3+ Ka6 58. Be4 Ra4 59. f3 Ra1 60. Kh3 Rh1+ 61. Kg4 h3 62. Kg3 Ra1 63. Kxh3 Rh1+ 64. Kg4 Re1 65. Kf4 Ra1 66. Ke5 Rh1 67. f4 Rh8 68. f5 Re8+ 69. Kf4 Rf8 70. Bd5 Rh8 71. f6 Rh4+ 72. Ke5 Rh5+ 73. Ke6 Rh4 74. f7 Rf4 75. Ke7 Rxf7+ 76. Kxf7 Kb5 77. Bb7 Kc4 78. a6 Kb5 79. Be3 Kc4 80. a7 Kd3 81. a8Q Kxe3 82. Qd8 Kf4 83. Qd3 Ke5 84. Ba8 Kf4 85. Kf6 Kg4 86. Qe3 Kh4 87. Kf5 Kh5 88. Qg5# 1-0

[Event "Regionalliga SO 9900"]
[Site "Bayern"]
[Date "1999.??.??"]
[Round "1.6"]
[White "Knechtel, Roland"]
[Black "Kislinger, Georg"]
[Result "0-1"]
[WhiteElo "2150"]
[BlackElo "2055"]
[PlyCount "110"]
[EventDate "1999.??.??"]
[EventType "team-tourn"]
[EventRounds "9"]
[EventCountry "GER"]
[SourceTitle "EXT 2020"]
[Source "ChessBase"]
[SourceDate "2019.10.17"]
[SourceVersion "1"]
[SourceVersionDate "2019.10.17"]
[SourceQuality "1"]
[WhiteTeam "Waldkirchen TSV"]
[BlackTeam "Ebersberg Grafing"]
[WhiteTeamCountry "GER"]
[BlackTeamCountry "GER"]

1. d4 Nf6 2. c4 c5 3. d5 g6 4. Nc3 Bg7 5. e4 d6 6. Be2 0-0 7. Nf3 e6 8. Bf4 exd5 9. cxd5 a6 10. a4 Bg4 11. 0-0 Re8 12. Nd2 Bxe2 13. Qxe2 Nh5 14. Be3 Nd7 15. g4 Nhf6 16. f3 Rb8 17. Nc4 Ne5 18. Nxe5 Rxe5 19. Bf4 Re8 20. a5 Qe7 21. Bg5 Qe5 22. Qd2 b5 23. axb6 Rxb6 24. Bf4 Qe7 25. Ra2 Nd7 26. Kg2 Ne5 27. Rfa1 Reb8 28. Qe2 Qf6 29. Bc1 c4 30. g5 Qe7 31. Rxa6 Rxa6 32. Rxa6 Nd3 33. Qd2 Be5 34. Ra4 Bf4 35. Qxf4 Nxf4+ 36. Bxf4 Rxb2+ 37. Kg3 h5 38. Nd1 Rb1 39. Ne3 c3 40. Rc4 Rb3 41. Nc2 f6 42. h4 fxg5 43. hxg5 Qa7 44. Nd4 Rb1 45. Bxd6 c2 46. Rc8+ Kf7 47. Nxc2 Qg1+ 48. Kf4 Qh2+ 49. Ke3 Qxd6 50. Rc6 Qe5 51. Rf6+ Kg7 52. Nd4 Qxg5+ 53. Rf4 Re1+ 54. Kd3 Rd1+ 55. Kc3 Rxd4 0-1

[Event "Regionalliga SO 9596"]
[Site "Bayern"]
[Date "1996.02.25"]
[Round "6"]
[White "Grimm, Markus"]
[Black "Kislinger, Georg"]
[Result "0-1"]
[WhiteElo "1880"]
[BlackElo "2025"]
[PlyCount "120"]
[EventDate "1995.10.15"]
[EventType "team-tourn"]
[EventRounds "9"]
[EventCountry "GER"]
[SourceTitle "EXT 1999"]
[Source "ChessBase"]
[SourceDate "1998.11.16"]
[SourceVersion "1"]
[SourceVersionDate "1998.11.16"]
[SourceQuality "1"]
[WhiteTeam "Straubing PSV"]
[BlackTeam "Ebersberg Grafing"]
[WhiteTeamCountry "GER"]
[BlackTeamCountry "GER"]

1. e4 e6 2. d4 c5 3. Nf3 cxd4 4. Nxd4 a6 5. Nc3 Qc7 6. Be2 Nf6 7. 0-0 Be7 8. f4 d6 9. a4 Nc6 10. Be3 0-0 11. Bf3 Na5 12. Kh1 Rb8 13. Be2 b6 14. Bd3 Nc4 15. Bc1 Bb7 16. Qe2 Rfc8 17. Nf3 Nd7 18. Nd2 Nxd2 19. Bxd2 Nc5 20. Be3 Bf6 21. Ra3 g6 22. Qf2 Qd8 23. Bd4 Qe7 24. Raa1 e5 25. fxe5 Bxe5 26. Bxe5 dxe5 27. Rad1 Rd8 28. Qe2 Rd4 29. Bc4 Rxd1 30. Qxd1 Ne6 31. Nd5 Bxd5 32. exd5 Nf4 33. g3 Qc5 34. Bb3 Nh3 35. Kg2 Ng5 36. h4 Ne4 37. Qd3 Nd6 38. Rf6 Kg7 39. Rf1 Qd4 40. Qf3 f5 41. c3 Qe4 42. Rd1 Qxf3+ 43. Kxf3 Kf6 44. Rd2 Rc8 45. Bd1 h6 46. Be2 a5 47. Ke3 g5 48. hxg5+ hxg5 49. Kf3 e4+ 50. Kf2 Ke5 51. Rd4 Rc5 52. Rd1 Rxd5 53. Rxd5+ Kxd5 54. b3 Ke5 55. Ke3 f4+ 56. Kf2 f3 57. Ba6 g4 58. b4 Nf5 59. bxa5 bxa5 60. Bb5 e3+ 0-1

[Event "Regionalliga SO 9495"]
[Site "Bayern"]
[Date "1995.??.??"]
[Round "?.5"]
[White "Kislinger, Georg"]
[Black "Kerzdoerfer, Harry"]
[Result "0-1"]
[WhiteElo "2005"]
[BlackElo "2065"]
[PlyCount "62"]
[EventDate "1994.10.??"]
[EventType "team-tourn"]
[EventRounds "9"]
[EventCountry "GER"]
[SourceTitle "EXT 1999"]
[Source "ChessBase"]
[SourceDate "1998.11.16"]
[SourceVersion "1"]
[SourceVersionDate "1998.11.16"]
[SourceQuality "1"]
[WhiteTeam "Ebersberg Grafing"]
[BlackTeam "Straubing SC"]
[WhiteTeamCountry "GER"]
[BlackTeamCountry "GER"]

1. d4 f5 2. g3 Nf6 3. Bg2 g6 4. c3 Bg7 5. Qb3 d5 6. Nh3 c6 7. Nd2 Qb6 8. Nf3 Na6 9. Nf4 Nc7 10. Ng5 Bd7 11. h4 Rg8 12. h5 h6 13. Nf3 g5 14. Ng6 Ne4 15. Nfe5 Be6 16. Be3 Bf6 17. 0-0-0 Qa6 18. Kb1 0-0-0 19. Rc1 Bxe5 20. Nxe7+ Kb8 21. Nxg8 Bxg8 22. a3 Bd6 23. Qc2 f4 24. gxf4 gxf4 25. Bxe4 dxe4 26. Bd2 Qxe2 27. Rhf1 Nb5 28. Rce1 Qc4 29. Qxe4 Nxa3+ 30. bxa3 Qb3+ 31. Kc1 Bxa3# 0-1